000 00454nam a2200181Ia 4500
008 180921t2016 xxu||||| |||| 00| 0 sin d
041 _asin
080 _a8-31
_bNAR
100 _aNarayan, R.K.
245 _aමාල්ගුඩි දවස්
246 _aMalgudi Dawas
260 _bGodage
_aColombo
_c2016
300 _a182p, 22cm
700 _aBoby G.Botheju
_etr.
942 _cBK
999 _c11824
_d11824
003 LK-CoDNM
040 _aLK-CoDNM
_dLK-CoDNM
_eLK-CoDNM